| 000 | 00413nam a22001337a 4500 | ||
|---|---|---|---|
| 020 | _a978-0-19-938319-1 | ||
| 082 | _a332 | ||
| 100 | _aSherratt, Lesley | ||
| 245 |
_aCan Microfinance Work?: _bHow to Improve its Ethical Balance and Effectivenes |
||
| 260 |
_aNew York: _bOxford University Press, _c2016 |
||
| 300 | _axix, 230p.: ill.; 24cm | ||
| 500 | _aIncludes Bibliographical References and Index | ||
| 942 | _cBK | ||
| 999 |
_c22137 _d22137 |
||